000 00628nam a2200205Ia 4500
008 140321s9999 xx 000 0 und d
020 _a9781848726154
050 _aBF 199
_b.P54 2013
100 _aPierce, W. David
245 _aBaehavior analysis and learning /
_cW. David Pierce and Carl D. Cheney.
250 _a5th ed.
260 _aNew York :
_bPsychology Press,
_cc2013.
300 _a585 p. :
_bill. ;
_c26 cm.
500 _aIncludes bibliographical references and indexes.
521 _aPSYCH
650 _aBehaviorism (Psychology).
650 _aLearning, Psychology of.
942 _kFOR
_cBK
999 _c48176
_d48176